Ashani sanketh: (Record no. 52044)

000 -LEADER
fixed length control field 00463nam a22001577a 4500
020 ## - INTERNATIONAL STANDARD BOOK NUMBER
ISBN 81-86209-79-4
082 ## - DEWEY DECIMAL CLASSIFICATION NUMBER
Classification number H3
Item number VIB/A
100 ## - MAIN ENTRY--AUTHOR NAME
Personal name Vibhuthibhushan Vandhyopadhyay
245 ## - TITLE STATEMENT
Title Ashani sanketh:
Sub Title Vibhutibhushan Vandhyopadhyay se Satyajith Ray thak/
Statement of responsibility, etc by Vibhuthibhushan Vandhyopadhyay
260 ## - PUBLICATION, DISTRIBUTION, ETC. (IMPRINT)
Place of publication Mumbai:
Name of publisher Sambhavana Prakashan,
Year of publication 2011.
300 ## - PHYSICAL DESCRIPTION
Number of Pages 151p.
650 ## - SUBJECT ADDED ENTRY--TOPICAL TERM
Topical Term Novel Hindi
650 ## - SUBJECT ADDED ENTRY--TOPICAL TERM
Topical Term Literature Hindi
650 ## - SUBJECT ADDED ENTRY--TOPICAL TERM
Topical Term Literature
942 ## - ADDED ENTRY ELEMENTS (KOHA)
Koha item type Book
Holdings
Withdrawn status Lost status Damaged status Not for loan Permanent Location Current Location Shelving location Date acquired Full call number Accession Number Cost, replacement price Price effective from Koha item type
        Sree Sankaracharya University of Sanskrit Sree Sankaracharya University of Sanskrit Stacks 13.03.2015 H3 VIB/A 074426 250.00 13.03.2015 Book